000 00736nam a2200241 a 4500
001 000020065
005 20200929170241.0
008 100719s1967 sp 001 p spa d
082 _a861.3
_bQ5a, 1967
100 1 _aQuevedo, Francisco de,
_d1580-1645
_96261
245 1 0 _aAntología poética /
_cFrancisco de Quevedo.
250 _a5a ed.
260 _aMadrid :
_bEspasa-Calpe,
_c1967.
300 _a148 p. ;
_c18 cm.
490 _aAustral. Violeta: teatro y poesía
_v362
500 _aIncluye índice de autores
650 4 _aPoesía española
_xColecciones
_93395
650 4 _aLiteratura española
_9632
830 0 _aAustral.
_pVioleta: teatro y poesía;
_v362
_939559
910 _aWM
049 _aBNGR
999 _c19573
_d19573
040 _aDO-SdBNP